000 00813cam a22002291 4500
001 sa 64006829
003 DLC
005 20260227112042.0
008 800708s1964 vm 000 0 eng
010 _asa 64006829
035 _a(OCoLC)6498086
040 _aDLC
_cKU
_dDLC
042 _apremarc
050 0 0 _aZ3228.V5
_bJ8 1964
100 1 _aJumper, Roy.
245 1 0 _aBibliography on the political and administrative history of Vietnam, 1802-1962,
_cselected and annotated [by] Roy Jumper.
260 _a[Saigon]
_bMichigan State University, Vietnam Advisory Group,
_c [1964]
300 _aviii, 115 p.
_c23 cm.
500 _a"Agency for International Development contract ICA c1126."
651 0 _aVietnam
_xHistory
_vBibliography.
710 2 _aMichigan State University.
_bVietnam Advisory Group, Saigon.
999 _c59905
_d59905